Côte d'Ivoire First Level Subdivisions - Statistics

General Stats
  • This quiz has been taken 146 times
  • The average score is 5 of 14
Answer Stats
Districts % Correct
Yamoussoukro
93%
Abidjan
85%
Bas-Sassandra
34%
Lacs
34%
Lagunes
34%
Montagnes
34%
Savanes
34%
Zanzan
29%
Vallée du Bandama
24%
Comoé
20%
Sassandra-Marahoué
20%
Woroba
20%
Denguélé
17%
Gôh-Djiboua
17%
No matching quizzes found
Score Distribution
Percent of People with Each Score
Percentile by Number Answered
Your Score History
You have not taken this quiz